000 00656nam a2200229 a 4500
001 BRL_1183
005 20190320211055.0
008 221113s1978----it-a######---#000-0#spa-#
041 _aspa
044 _ait
050 4 _aN2940
_b.S26 1978
100 1 _aSantini, Loretta
_926037
245 1 0 _aCiudad del Vaticano
_cLoretta Santini.
260 _aItalia
_bPlurigraf - Narny - Terni
_c1978
300 _a111 p.
_bil. (algunas a color)
_c24 cm.
500 _aAu1377
650 1 4 _aArte
_zVaticano (Ciudad)
_97704
650 1 4 _aArte y simbolĂ­smo cristiano
_zVaticano (Ciudad)
_926038
651 4 _aVaticano (Ciudad)
_926039
902 _aGRL
942 _2lcc
_cB
999 _c9995
_d9995